Million Cities Minefield: Asia Quiz Stats

 Plays Quiz Updated Dec 20, 2017

Challenge
Share
Tweet
Embed
Score 0/20 Timer 05:00
16 Plays Today
# of Cities Country % Correct
85???
94.8%
53???
85.1%
12???
81.2%
11???
60.9%
15???
59.6%
9???
58.4%
10???
57.4%
8???
43.9%
2???
42.9%
2???
41.7%
# of Cities Country % Correct
4???
37.2%
8???
32.6%
4???
32.2%
3???
30.1%
6???
19.4%
3???
15.7%
2???
15.3%
2???
12.5%
2???
10.7%
Mine???
6.3%

You're not logged in!

Compare scores with friends on all Sporcle quizzes.
Join for Free
OR
Log In

You Might Also Like...

Show Comments

Extras

Top Quizzes Today


Score Distribution

Your Account Isn't Verified!

In order to create a playlist on Sporcle, you need to verify the email address you used during registration. Go to your Sporcle Settings to finish the process.

Report this User

Report this user for behavior that violates our Community Guidelines.

Details: